[Event "President's Cup"]
[Site "Seattle, WA"]
[Date "2016.02.14"]
[Round "4"]
[White "Pogrebinsky Daniel  (WA)"]
[Black "Chen Minda  (WA)"]
[Result "0-1"]
[WhiteElo "1679"]
[BlackElo "1532"]
[Annotator ""]
[Source ""]
[Remark "Open"]

1.e4 c5 2.Nf3 e6 3.d4 cxd4 4.Nxd4 a6 5.Nc3 Qc7 6.Be3 Nf6 7.Bd3
Be7 8.O-O b5 9.a3 Bb7 10.Qe2 d6 11.f4 Nbd7 12.Kh1 Nc5 13.Bd2
O-O 14.Rae1 Nxd3 15.cxd3 Rad8 16.f5 e5 17.Nf3 Rc8 18.Rc1 Qd7
19.b4 Rc7 20.Rfd1 Rfc8 21.Rb1 Rxc3 22.Bxc3 Rxc3 23.Qb2 Rc7 24.Rbc1
Bd8 25.Rxc7 Bxc7 26.Rc1 Bb6 27.Qe2 Qe7 28.Nd2 Nd7 29.Rc2 Qh4
30.Nf3 Qh6 31.h3 Nf6 32.Rc3 Nh5 33.Qc2 g6 34.fxg6 hxg6 35.a4
Ng3+ 36.Kh2 Qf4 37.d4 Ne2+ 38.Kh1 Nxc3 39.Qxc3 exd4 0-1

[Event "President's Cup"]
[Site "Seattle, WA"]
[Date "2016.02.14"]
[Round "3"]
[White "Anand Vignesh  (WA)"]
[Black "Zhang Zachary  (WA)"]
[Result "0-1"]
[WhiteElo "1517"]
[BlackElo "1697"]
[Annotator ""]
[Source ""]
[Remark "Open"]

1.d4 f5 2.Nf3 Nf6 3.Bf4 g6 4.h3 Bg7 5.e3 O-O 6.Nbd2 d6 7.Be2
c6 8.c3 Kh8 9.Bh2 a5 10.a4 Na6 11.Rb1 Be6 12.b3 Bg8 13.O-O Qd7
14.Bxa6 Rxa6 15.c4 b5 16.Qc2 Rc8 17.Rfc1 Raa8 18.e4 fxe4 19.Nxe4
Nxe4 20.Qxe4 bxc4 21.bxc4 Rab8 22.d5 cxd5 23.cxd5 Rxc1+ 24.Rxc1
Rb4 25.Qd3 Rxa4 26.Bg3 Rb4 27.Qa6 a4 28.Qc6 Qxc6 29.dxc6 Rc4
30.Rxc4 Bxc4 31.c7 Ba6 32.Ng5 a3 33.Nf7+ Kg8 34.Bxd6 exd6 35.Nxd6
a2 36.c8Q+ Bxc8 0-1

[Event "President's Cup"]
[Site "Seattle, WA"]
[Date "2016.02.14"]
[Round "4"]
[White "Yang Richard  (WA)"]
[Black "Anand Vignesh  (WA)"]
[Result "1/2-1/2"]
[WhiteElo "1636"]
[BlackElo "1517"]
[Annotator ""]
[Source ""]
[Remark "Open"]

1.e4 c5 2.Nf3 d6 3.Bb5+ Nd7 4.O-O a6 5.Bxd7+ Bxd7 6.c3 Nf6 7.Re1
g6 8.d4 cxd4 9.cxd4 Bg7 10.Nc3 O-O 11.Bg5 Qa5 12.e5 Ng4 13.Bxe7
dxe5 14.Bxf8 Rxf8 15.Nxe5 Nxe5 16.dxe5 Bc6 17.Qe2 Qc5 18.Qe3
Qe7 19.Rad1 Re8 20.Nd5 Qxe5 21.Qxe5 Bxe5 22.f4 Bd4+ 23.Kh1 Rxe1+
24.Rxe1 Bxd5 25.Rd1 Bxg2+ 26.Kxg2 Bxb2 27.Rb1 Bc3 28.Rxb7 a5
29.Kg3 Kg7 30.Kg4 h5+ 31.Kf3 Kf6 32.Ke4 Ke6 33.Rb6+ Ke7 34.f5
g5 35.Rc6 Bb4 36.Ke5 f6+ 37.Kd5 h4 38.Rc7+ Kd8 39.Rf7 Bc3 40.Ke6
Ba1 41.Ra7 Bc3 42.Kd5 Be1 43.Rf7 Bc3 44.Kc4 Ke8 45.Ra7 Bb4 46.Kd5
Bc3 47.Ke6 Kd8 48.a4 Kc8 49.Rf7 Kb8 50.Rxf6 Bxf6 51.Kxf6 g4 52.Ke6
g3 53.hxg3 hxg3 54.f6 g2 55.f7 g1Q 56.f8Q+ Kb7 57.Qe7+ Kb8 58.Qd8+
Kb7 59.Qd5+ Kc7 60.Qxa5+ Kb7 1/2-1/2

[Event "President's Cup"]
[Site "Seattle, WA"]
[Date "2016.02.14"]
[Round "2"]
[White "Clark Ryan  (WA)"]
[Black "Kaelin Alex  (WA)"]
[Result "1/2-1/2"]
[WhiteElo "1126"]
[BlackElo "781"]
[Annotator ""]
[Source ""]
[Remark "Reserve"]

1.e4 c5 2.Nf3 d6 3.Bc4 Nc6 4.Nc3 a6 5.a3 b5 6.Bb3 c4 7.Ba2 g6
8.d3 Bg7 9.Bd2 Nf6 10.dxc4 bxc4 11.Bxc4 Bg4 12.h3 Bxf3 13.Qxf3
Nd4 14.Qd3 e5 15.Be3 Ne6 16.O-O a5 17.Bb5+ Ke7 18.Nd5+ Nxd5 19.Qxd5
Nc7 20.Qc4 Nxb5 21.Qxb5 Qb8 22.Qxb8 Raxb8 23.b3 Rhc8 24.Rfc1
f5 25.exf5 gxf5 26.Bg5+ Ke6 27.Bd2 e4 28.Rab1 a4 29.b4 Bc3 30.Be3
d5 31.g3 d4 32.Bf4 Rb6 33.Kf1 Rbc6 34.b5 Rb6 35.h4 Rc5 36.Ke2
Rcxb5 37.Rxb5 Rxb5 38.f3 exf3+ 39.Kxf3 Rb2 40.Bh6 Kf7 41.Bf4
Ke6 42.Bh6 Ba5 43.Bg7 Bc3 44.Ke2 Kd5 45.Kd3 Ra2 46.Bf8 Ra1 47.Rxa1
Bxa1 48.h5 Bc3 49.Bh6 Bb2 50.Bf8 Bc1 51.Be7 f4 52.gxf4 Bxf4 53.c3
Be5 54.c4+ 1/2-1/2

[Event "President's Cup"]
[Site "Seattle, WA"]
[Date "2016.02.14"]
[Round "4"]
[White "Casey Braxton  (WA)"]
[Black "Deng Samuel  (WA)"]
[Result "1/2-1/2"]
[WhiteElo "1579"]
[BlackElo "1644"]
[Annotator ""]
[Source ""]
[Remark "Open"]

1.c4 c6 2.g3 d5 3.Bg2 Nf6 4.Nf3 Bf5 5.O-O e6 6.d4 Bd6 7.Bf4 O-O
8.Nc3 Qc7 9.e3 Nbd7 10.c5 Bxf4 11.gxf4 Ne4 12.Nxe4 Bxe4 13.Nd2
Bxg2 14.Kxg2 f6 15.Nf3 e5 16.fxe5 fxe5 17.Ng5 Rf6 18.Qh5 Nf8
19.f4 Rh6 20.Qg4 exd4 21.exd4 Re8 22.Rae1 Re7 23.Re5 Ng6 24.Rxe7
Qxe7 25.Qc8+ Nf8 26.Qg4 Rg6 27.h4 h6 28.f5 Rf6 29.Nf3 Qe2+ 30.Rf2
Qe4 31.Qxe4 dxe4 32.Ne5 e3 33.Rf3 h5 34.Kf1 g6 35.Ke2 gxf5 36.Kxe3
Kg7 37.Kf4 Ng6+ 38.Nxg6 Kxg6 39.b4 Re6 40.Re3 Rxe3 41.Kxe3 Kf6
42.Kf4 Ke6 43.a4 a6 44.Kg5 Kd5 45.Kxf5 Kxd4 46.Kg5 a5 47.bxa5
Kxc5 48.Kxh5 Kb4 49.Kg6 c5 1/2-1/2

[Event "President's Cup"]
[Site "Seattle, WA"]
[Date "2016.02.14"]
[Round "4"]
[White "Hasuike Mike  (OR)"]
[Black "Ewig Sarah  (WA)"]
[Result "1-0"]
[WhiteElo "1526"]
[BlackElo "663"]
[Annotator ""]
[Source ""]
[Remark "Reserve"]

1.d4 d5 2.e3 c6 3.Bd3 e6 4.Nd2 Nf6 5.f4 Nbd7 6.Qe2 Bd6 7.Ngf3
c5 8.c3 c4 9.Bc2 b5 10.a3 a5 11.Ne5 Bb7 12.Qf3 b4 13.Ndxc4 dxc4
14.Qxb7 Nd5 15.Qxd7+ Qxd7 16.Nxd7 Kxd7 17.Bd2 b3 18.Be4 a4 19.Bf3
Rab8 20.Be2 f6 21.Bxc4 Rhc8 22.Bd3 e5 23.Bf5+ Kc7 24.Bxc8 Rxc8
25.g3 exf4 26.exf4 Re8+ 27.Kf2 f5 28.Rhe1 Rxe1 29.Rxe1 Kd7 30.c4
Ne7 31.Ke3 Bxf4+ 32.Kxf4 g5+ 33.Kxg5 h6+ 34.Kxh6 f4 35.Rxe7+
Kxe7 36.Bxf4 Kf8 37.d5 Ke7 38.d6+ Kd8 39.c5 Kc8 40.c6 Kd8 41.Kg7
Kc8 42.d7+ Kd8 43.Bg5+ 1-0

[Event "President's Cup"]
[Site "Seattle, WA"]
[Date "2016.02.14"]
[Round "4"]
[White "Ahluwalia Anshul  (WA)"]
[Black "Casey Garrett  (WA)"]
[Result "0-1"]
[WhiteElo "1615"]
[BlackElo "1484"]
[Annotator ""]
[Source ""]
[Remark "Open"]

1.d4 Nf6 2.c4 g6 3.Nf3 Bg7 4.g3 O-O 5.Bg2 d6 6.O-O Nbd7 7.Nc3
e5 8.e4 exd4 9.Nxd4 Re8 10.h3 a6 11.Be3 Rb8 12.Rc1 Ne5 13.b3
c5 14.Nde2 b5 15.cxb5 axb5 16.f4 Ned7 17.Qxd6 Bf8 18.Qd3 b4 19.Na4
Nxe4 20.Bxe4 Qe7 21.Nxc5 Nxc5 22.Bxc5 Qxe4 23.Qxe4 Rxe4 24.Bxf8
Kxf8 25.Kf2 Bxh3 26.Rfd1 Bg4 27.Rd2 Rbe8 28.Nd4 Rc8 29.Rxc8+
Bxc8 30.Nc2 Bg4 31.Ne3 h5 32.Nd5 Kg7 33.Rc2 Bd1 34.Rd2 Bg4 35.Ne3
Kh6 36.Rc2 Rd4 37.Nxg4+ hxg4 38.Rc4 Rd2+ 39.Kf1 Rxa2 40.Rxb4
Ra1+ 41.Kf2 Ra2+ 42.Ke1 Rg2 43.Kf1 Rxg3 44.Kf2 Rc3 45.Kg2 Rf3
46.Kh2 Kh5 47.Kg2 Kh4 48.Re4 Rxb3 49.Re8 Rb2+ 50.Kg1 Kg3 51.Re1
Kxf4 52.Rf1+ Kg3 53.Rxf7 Rb1+ 54.Rf1 Rxf1+ 55.Kxf1 Kh2 0-1

[Event "President's Cup"]
[Site "Seattle, WA"]
[Date "2016.02.14"]
[Round "4"]
[White "Mayer Jacob  (MN)"]
[Black "Beck Alec  (WA)"]
[Result "1-0"]
[WhiteElo "1755"]
[BlackElo "1513"]
[Annotator ""]
[Source ""]
[Remark "Open"]

1.e4 e6 2.d4 d5 3.exd5 exd5 4.Nf3 Bd6 5.Nc3 Ne7 6.Bg5 Be6 7.Nb5
Nbc6 8.Nxd6+ Qxd6 9.c3 O-O 10.Bd3 Bf5 11.O-O Bxd3 12.Qxd3 Rfe8
13.Rfe1 Ng6 14.Rad1 h6 15.Bc1 Qd7 16.Qb5 b6 17.c4 dxc4 18.Qxc4
Rad8 19.Rxe8+ Rxe8 20.Be3 Nge7 21.Rc1 Rc8 22.Ne5 Nxe5 23.dxe5
Qd5 24.Qxd5 Nxd5 25.Bd4 Nf4 26.Kf1 Rd8 27.Be3 Ne6 28.f4 Rd5 29.Kf2
Nc5 30.Bxc5 bxc5 31.Ke3 Kf8 32.Rc4 Rd1 33.Rxc5 Ra1 34.Ra5 Rb1
35.b3 Rb2 36.Kf3 Ke7 37.Rxa7 Kd7 38.Ra6 Ke7 39.h3 Kd7 40.g3 Rc2
41.Kg4 Rc3 42.f5 Ke7 43.Ra4 Kd7 44.Rc4 Re3 45.Kf4 Re2 46.a4 Ra2
47.e6+ fxe6 48.fxe6+ Kxe6 49.Rxc7 Kf6 50.Rc6+ Kf7 51.Ra6 Rc2
52.Rb6 Rc7 53.a5 Ke8 54.a6 Kd8 55.Rb8+ Kd7 56.Rb7 Rxb7 57.axb7
Kc7 58.Kf5 h5 59.Kg6 h4 60.g4 Kxb7 61.Kxg7 Kc6 62.Kf6 Kb5 63.g5
Kb4 64.g6 Kxb3 65.g7 Kc3 66.g8Q Kd3 67.Qg4 Ke3 68.Ke5 Kd3 69.Qe4+
Kc3 70.Qd4+ Kb3 71.Kd5 Kc2 72.Kc4 Kb1 73.Qd2 Ka1 74.Kb3 Kb1 75.Qd1# 1-0

[Event "President's Cup"]
[Site "Seattle, WA"]
[Date "2016.02.14"]
[Round "5"]
[White "Berg Forest  (WA)"]
[Black "Hasuike Mike  (OR)"]
[Result "0-1"]
[WhiteElo "1030"]
[BlackElo "1526"]
[Annotator ""]
[Source ""]
[Remark "Reserve"]

1.e4 Nf6 2.e5 Nd5 3.d4 d6 4.exd6 exd6 5.Bd3 Be7 6.Nf3 Bg4 7.Nbd2
Nf4 8.O-O Nxd3 9.cxd3 O-O 10.Qb3 b6 11.h3 Be6 12.Qc2 Qd7 13.Nh2
Nc6 14.Ndf3 Nb4 15.Qb1 h6 16.a3 Nd5 17.Qc2 c5 18.Qe2 Rfe8 19.Be3
Bf6 20.Qd2 Bf5 21.Rad1 Rac8 22.Rfe1 c4 23.Rc1 Bxd3 24.b3 b5 25.Ng4
Qd8 26.Bxh6 gxh6 27.Qxh6 Bg7 28.Qh5 Rxe1+ 29.Rxe1 Nf6 30.Nh6+
Bxh6 31.Qxh6 Bg6 32.Ng5 Qf8 33.Qh4 cxb3 34.Nf3 Kg7 0-1

[Event "President's Cup"]
[Site "Seattle, WA"]
[Date "2016.02.13"]
[Round "3"]
[White "Rigby Alden  (WA)"]
[Black "Velea Sophie  (WA)"]
[Result "1-0"]
[WhiteElo "691"]
[BlackElo "921"]
[Annotator ""]
[Source ""]
[Remark "Reserve"]

1.c4 Nf6 2.g3 e5 3.d3 Bb4+ 4.Bd2 Bxd2+ 5.Qxd2 O-O 6.Bg2 Nc6 7.Nc3
d6 8.Nf3 Bg4 9.O-O Re8 10.Rab1 Qe7 11.Ng5 h6 12.Nge4 Nxe4 13.Nxe4
Nd4 14.Rfe1 Rab8 15.b4 Bf5 16.a4 Qd7 17.Nc3 Bh3 18.Bh1 Bg4 19.b5
Rbd8 20.Bxb7 Qe6 21.Bg2 Rc8 22.a5 Bh3 23.Bh1 Qd7 24.e3 Nf5 25.Bc6
Qe7 26.Nd5 Qd8 27.Bxe8 Qxe8 28.b6 cxb6 29.axb6 axb6 30.Nxb6 Rb8
31.Nd5 Rxb1 32.Rxb1 Qa4 33.Nc3 Qc6 34.e4 Ne7 35.Qe3 Nf5 36.Qb6
Qxb6 37.Rxb6 Nd4 38.f4 exf4 39.gxf4 Ne6 40.Rxd6 Nxf4 41.Kf2 Kf8
42.Kg3 Ke7 43.Ra6 g5 44.Nd5+ Nxd5 45.Kxh3 Nf4+ 46.Kg4 Nxd3 47.Rxh6
Nf2+ 48.Kxg5 Nxe4+ 49.Kf5 Nd6+ 50.Rxd6 Kxd6 51.h4 Ke7 52.c5 Kd7
53.h5 Kc6 54.h6 Kxc5 55.h7 Kd6 56.h8Q Ke7 57.Qg7 Ke8 58.Kf6 Kd7
59.Qxf7+ Kd6 60.Qh5 Kc6 {...and White mates about six unrecorded moves later.}
 1-0

[Event "President's Cup"]
[Site "Seattle, WA"]
[Date "2016.02.14"]
[Round "4"]
[White "Chi Quentin  (WA)"]
[Black "Miller Travis  (ID)"]
[Result "1/2-1/2"]
[WhiteElo "1910"]
[BlackElo "1823"]
[Annotator ""]
[Source ""]
[Remark "Open"]

1.f4 d5 2.Nf3 g6 3.e3 Bg7 4.Be2 e6 5.O-O Ne7 6.d4 O-O 7.c4 c5
8.Nc3 cxd4 9.Nxd4 Nbc6 10.Nxc6 bxc6 11.cxd5 cxd5 12.Bd2 Nf5 13.g4
Nxe3 14.Bxe3 d4 15.Bf2 dxc3 16.bxc3 Bxc3 17.Rc1 Qa5 18.Qb3 Bb4
19.Rb1 Bc5 20.Bf3 Ba6 21.Bxa8 Bxf1 22.Kxf1 Bxf2 23.Be4 Bb6 24.Qc2
Rd8 25.Ke2 Qa3 26.Rb3 Qe7 27.h3 Qf6 28.Kf3 Qh4 29.Qg2 Qe1 30.Qe2
Qc1 31.Rd3 Qh1+ 32.Qg2 Rxd3+ 33.Bxd3 Qd1+ 34.Qe2 Qh1+ 35.Qg2
Qxg2+ 36.Kxg2 Bd4 37.Kf3 Kg7 38.Ke4 Bc3 39.Kf3 Kf6 40.Ke4 Ke7
41.Ke3 1/2-1/2

[Event "President's Cup"]
[Site "Seattle, WA"]
[Date "2016.02.14"]
[Round "3"]
[White "Reeves Jasen  (WA)"]
[Black "Ahluwalia Anshul  (WA)"]
[Result "1-0"]
[WhiteElo "1381"]
[BlackElo "1639"]
[Annotator ""]
[Source ""]
[Remark "Open"]

1.d4 d5 2.c4 e6 3.cxd5 exd5 4.Nc3 Nf6 5.Bg5 Nbd7 6.e3 c6 7.Bd3
Be7 8.Nf3 O-O 9.Qc2 Re8 10.O-O Nf8 11.Rab1 Ng6 12.Rfc1 Ne4 13.Bxe7
Qxe7 14.Nd2 Nxf2 15.Kxf2 Qxe3+ 16.Kf1 Qxd4 17.Nf3 Qf6 18.Kg1
Bg4 19.Rf1 Re3 20.Nd1 Re6 21.h3 Bxf3 22.Rxf3 Qh4 23.Qf2 Qxf2+
24.Rxf2 Rae8 25.Nc3 Re3 26.Rd1 d4 27.Bxg6 Re1+ 28.Rf1 Rxf1+ 29.Rxf1
{Game continued for a few more moves.} 1-0

[Event "President's Cup"]
[Site "Seattle, WA"]
[Date "2016.02.14"]
[Round "4"]
[White "Xiao Alison  (WA)"]
[Black "Jiang Brandon  (WA)"]
[Result "1-0"]
[WhiteElo "1216"]
[BlackElo "1204"]
[Annotator ""]
[Source ""]
[Remark "Reserve"]

1.e4 e5 2.Nf3 Nc6 3.Bb5 a6 4.Bxc6 dxc6 5.Nc3 Bg4 6.d3 Bd6 7.h3
Bh5 8.Be3 Nf6 9.O-O O-O 10.Re1 Re8 11.a3 Qd7 12.d4 exd4 13.Bxd4
Bxf3 14.Qxf3 Bh2+ 15.Kxh2 Qxd4 16.Rad1 Qe5+ 17.Kg1 h6 18.Qe3
g5 19.Qd4 Qe7 20.e5 Nh5 21.Qe3 Nf4 22.Kh2 Qe6 23.Qg3 Ng6 24.Ne4
Qf5 25.Nf6+ Kg7 26.Nxe8+ Rxe8 27.Qf3 Qxc2 28.Qf6+ Kg8 29.e6 Rf8
30.exf7+ Kh7 31.Rd8 Qc5 32.Re6 Qc2 33.Rxf8 Nxf8 34.Qxh6# 1-0